00517nam a2200157Ia 4500008004100000082001800041100002500059245001900084260004000103300001000143630001800153650004700171942000900218952011500227999001700342211109s9999||||xx |||||||||||||| ||und|| a822.33bSHA-A aShakespeare, William 0aAs You Like It bUniversity of TorontoaLondonc2000 a175p. xGeneral Stack aEnglish DramavEnglish LiteraturexEnglish cBOOK 00104070aSBCLbSBCLc2d2021-11-09g50.00l0o822.33 SHA-Ap00030414r2021-11-09 00:00:00w2021-11-09yBOOK c29563d29563